Bhasha bigyanar bhumika (Record no. 8859)

MARC details
000 -LEADER
fixed length control field 00472cam a2200193ua 4500
008 - FIXED-LENGTH DATA ELEMENTS--GENERAL INFORMATION
fixed length control field 160910n ii |||gr||||Z||||||asm
040 ## - CATALOGING SOURCE
Transcribing agency MAIN
041 ## - LANGUAGE CODE
-- asm
082 ## - DEWEY DECIMAL CLASSIFICATION NUMBER
Classification number 410
100 ## - MAIN ENTRY--PERSONAL NAME
Personal name Pathak, Ramesh,
Relator term
245 ## - TITLE STATEMENT
Title Bhasha bigyanar bhumika
Statement of responsibility, etc. By Ramesh Pathak
250 ## - EDITION STATEMENT
Edition statement 9th rev. & enl. ed.
260 ## - PUBLICATION, DISTRIBUTION, ETC.
Place of publication, distribution, etc. Guwahati:
Name of publisher, distributor, etc. Ashok book stall,
Date of publication, distribution, etc. 2014.
300 ## - PHYSICAL DESCRIPTION
Extent 255p.
942 ## - ADDED ENTRY ELEMENTS (KOHA)
Koha item type Books
653 ## - INDEX TERM--UNCONTROLLED
Uncontrolled term Linguistics
653 ## - INDEX TERM--UNCONTROLLED
Uncontrolled term Assamese language
Holdings
Withdrawn status Lost status Damaged status Not for loan Home library Current library Shelving location Date acquired Total Checkouts Full call number Barcode Date last seen Copy number Price effective from Koha item type Date last checked out
        Central Library, Naharkatiya College Central Library, Naharkatiya College General Stacks 19/09/2020   410Assamese language | PAT 23448 19/09/2020 1 19/09/2020 Books  
        Central Library, Naharkatiya College Central Library, Naharkatiya College General Stacks 19/09/2020 15 410Assamese language | PAT 23449 25/02/2026 3 19/09/2020 Books 13/02/2026
        Central Library, Naharkatiya College Central Library, Naharkatiya College General Stacks 19/09/2020 11 410Assamese language | PAT 23450 23/12/2025 2 19/09/2020 Books 04/12/2025

Naharkatiya College © 2020. All rights reserved.

Powered By